Leonardo DiCaprio Movies - Statistics

General Stats
  • This quiz has been taken 83 times
    69 since last reset
  • The average score is 13 of 23
Answer Stats
Year Released Costars Movie % Correct
1997 Bill Paxton, Kate Winslet Titanic
97%
2002 Christopher Walken, Tom Hanks Catch Me If You Can
80%
2019 Brad Pitt, Margot Robbie Once Upon a Time in Hollywood
80%
2013 Jon Bernthal, Margot Robbie The Wolf of Wall Street
77%
2012 Christoph Waltz, Jamie Foxx Django Unchained
72%
1996 Claire Danes, Paul Rudd Romeo & Juliet
70%
2010 Ellen Page, Michael Caine Inception
68%
2010 Ben Kingsley, Mark Ruffalo Shutter Island
68%
2015 Tom Hardy, Will Poulter The Revenant
67%
1993 Darlene Cates, Johnny Depp What's Eating Gilbert Grape
67%
2021 Jennifer Lawrence, Meryl Streep Don't Look Up
65%
2013 Isla Fisher, Tobey Maguire The Great Gatsby
65%
2006 Jack Nicholson, Matt Damon The Departed
63%
2006 Djimon Hounsou Blood Diamond
50%
2002 Daniel Day Lewis, Liam Neeson Gangs of New York
50%
1995 Lorraine Braco, Mark Wahlberg The Basketball Diaries
50%
2004 Cate Blanchett, Gwen Stefani The Aviator
47%
2000 Daniel York, Tilda Swinton The Beach
45%
1998 Jeremy Irons, John Malkovich The Man in the Iron Mask
40%
2023 Jesse Plemons, Robert De Niro Killers of the Flower Moon
33%
1995 Sharon Stone, Gene Hackman The Quick and the Dead
28%
2011 Armie Hammer, Naomi Watts J. Edgar
20%
2008 Mark Strong, Russel Crowe Body of Lies
15%
No matching quizzes found
Score Distribution
Percent of People with Each Score
Percentile by Number Answered
Your Score History
You have not taken this quiz since the last reset